THE CONSTITUTIONAL LAW OF INDIA (Record no. 9549)
[ view plain ]
| 000 -LEADER | |
|---|---|
| fixed length control field | 00333nam a22001457a 4500 |
| 003 - CONTROL NUMBER IDENTIFIER | |
| control field | SGT |
| 082 ## - DEWEY DECIMAL CLASSIFICATION NUMBER | |
| Classification number | 342.0954,PAN |
| 100 ## - MAIN ENTRY--PERSONAL NAME | |
| Personal name | PANDAY,J.N |
| 245 ## - TITLE STATEMENT | |
| Title | THE CONSTITUTIONAL LAW OF INDIA |
| 250 ## - EDITION STATEMENT | |
| Edition statement | 50TH |
| 260 ## - PUBLICATION, DISTRIBUTION, ETC. (IMPRINT) | |
| Place of publication, distribution, etc | ALLAHABAD |
| Name of publisher, distributor, etc | CENTRAL LAW AGENCY |
| Year of Publication | 2013 |
| 300 ## - PAGE DESCRIPTION | |
| No. of Pages | 851 |
| 650 ## - SUBJECT ADDED ENTRY--TOPICAL TERM | |
| Topical term or geographic name as entry element | CONSTITUTIONAL LAW - INDIA |
| 942 ## - ADDED ENTRY ELEMENTS (KOHA) | |
| Source of classification or shelving scheme | Dewey Decimal Classification |
| Koha item type | Books |
| Withdrawn status | Lost status | Source of classification or shelving scheme | Damaged status | Not for loan | Collection code | Home library | Current library | Shelving location | Date acquired | Vendor Name | Cost, normal purchase price | SGTU | Bill Number | Total Checkouts | Total Renewals | Full call number | Accession No. (Barcode) | Date last seen | Date last borrowed | Bill Date | Koha item type |
|---|---|---|---|---|---|---|---|---|---|---|---|---|---|---|---|---|---|---|---|---|---|
| Dewey Decimal Classification | LAW | SGT Science & Social Sciences Library | SGT Science & Social Sciences Library | Text Book | 19/07/2016 | SATYAM BOOKS | 425.00 | SGTU | 985 | 25 | 9 | 342.0954,PAN | FL18 | 08/12/2025 | 01/12/2025 | 22/01/2014 | Books | ||||
| Dewey Decimal Classification | LAW | SGT Science & Social Sciences Library | SGT Science & Social Sciences Library | Text Book | 19/07/2016 | SATYAM BOOKS | 425.00 | SGTU | 985 | 25 | 10 | 342.0954,PAN | FL19 | 23/09/2025 | 23/09/2025 | 22/01/2014 | Books | ||||
| Dewey Decimal Classification | LAW | SGT Science & Social Sciences Library | SGT Science & Social Sciences Library | Text Book | 19/07/2016 | SATYAM BOOKS | 425.00 | SGTU | 985 | 18 | 6 | 342.0954,PAN | FL20 | 25/03/2019 | 05/03/2019 | 22/01/2014 | Books | ||||
| Lost and Paid For | Dewey Decimal Classification | LAW | SGT Science & Social Sciences Library | SGT Science & Social Sciences Library | Text Book | 19/07/2016 | SATYAM BOOKS | 425.00 | SGTU | 985 | 23 | 6 | 342.0954,PAN | FL21 | 31/05/2019 | 15/04/2019 | 22/01/2014 | Books | |||
| Dewey Decimal Classification | Not For Loan | LAW | SGT Science & Social Sciences Library | SGT Science & Social Sciences Library | Reference Book | 19/07/2016 | SATYAM BOOKS | 425.00 | SGTU | 985 | 342.0954,PAN | FL22 | 19/07/2016 | 22/01/2014 | Books |